000 00310nam a2200145Ia 4500
005 20260513122052.0
020 _a9780262047326
100 _aCotton
365 _c
365 _b25.00
942 _cBK
245 _aMicroprediction: Building an Open AI Network
260 _bMIT Press
999 _c79
_d79